000
00293nam a22001337a 4500
008
180918b xxu||||| |||| 00| 0 eng d
020
_a
0442277318
041
_a
eng
080
_a
514
100
_a
9
101
_a
MJE
245
_a
No Tillage Agriculture
_c
Philips.R.E
942
_2
udc
_c
BK
999
_c
47929
_d
47929